Library Logo

Pioneer International University Library Catalogue

Every pregnant woman's guide to preventing premature birth : (Record no. 1754)

MARC details
000 -LEADER
fixed length control field 00628cam a2200181 a 4500
005 - DATE AND TIME OF LATEST TRANSACTION
control field 20250901165309.0
008 - FIXED-LENGTH DATA ELEMENTS--GENERAL INFORMATION
fixed length control field 950320s1995 nyua b 001 0 eng
010 ## - LIBRARY OF CONGRESS CONTROL NUMBER
LC control number 95012213
020 ## - INTERNATIONAL STANDARD BOOK NUMBER
International Standard Book Number 081292472X
050 00 - LIBRARY OF CONGRESS CALL NUMBER
Classification number RG649
Item number .L85 1995
082 00 - DEWEY DECIMAL CLASSIFICATION NUMBER
Classification number 618.3/97
Edition information 20
100 1# - MAIN ENTRY--PERSONAL NAME
Personal name Luke, Barbara.
245 10 - TITLE STATEMENT
Title Every pregnant woman's guide to preventing premature birth :
Remainder of title a program for reducing the sixty proven risks that can lead to prematurity /
Statement of responsibility, etc. Barbara Luke.
250 ## - EDITION STATEMENT
Edition statement 1st ed.
260 ## - PUBLICATION, DISTRIBUTION, ETC.
Place of publication, distribution, etc. New York :
Name of publisher, distributor, etc. Times Books,
Date of publication, distribution, etc. c1995.
300 ## - PHYSICAL DESCRIPTION
Extent xv, 239 p. :
Other physical details ill. ;
Dimensions 22 cm.
942 ## - ADDED ENTRY ELEMENTS (KOHA)
Source of classification or shelving scheme Library of Congress Classification
Classification part RG649 .L85 1995
Holdings
Withdrawn status Lost status Source of classification or shelving scheme Damaged status Not for loan Home library Current library Shelving location Date acquired Total checkouts Full call number Barcode Date last seen Price effective from Koha item type
    Library of Congress Classification     Main Library Main Library   03/05/2021   RG649 | .L85 1995 PIU0002495 03/05/2021 03/05/2021 Books